|
|
|
|
| LEADER |
01843nam a2200409 a 4500 |
| 001 |
45741 |
| 003 |
BD-DhAAL |
| 005 |
20260511134431.0 |
| 008 |
260506t1989 cauaf b 001 0 eng |
| 010 |
|
|
|a 88012383
|
| 020 |
|
|
|a 0804714398 (alk. paper) :
|c $32.50
|
| 020 |
|
|
|a 9780804714396
|
| 035 |
|
|
|a 4328291
|
| 040 |
|
|
|a DLC
|c DLC
|d DLC
|d BD-DhAAL
|
| 043 |
|
|
|a a-ja---
|
| 050 |
0 |
0 |
|a HN730.T65
|b B47 1989
|
| 082 |
0 |
0 |
|a 307.3362952135
|2 19
|
| 100 |
1 |
|
|a Bestor, Theodore C.
|9 60529
|
| 245 |
1 |
0 |
|a Neighborhood Tokyo /
|c Theodore C. Bestor.
|
| 246 |
3 |
1 |
|6 880-01
|a 東京
|
| 260 |
|
|
|a Stanford, Calif. :
|b Stanford University Press,
|c 1989.
|
| 300 |
|
|
|a xvi, 347 pages, [4] p. of plates :
|b illustrations ;
|c 22 cm.
|
| 490 |
1 |
|
|a Studies of the East Asian Institute, Columbia University
|
| 500 |
|
|
|a Includes index.
|
| 500 |
|
|
|a Added title page title: 東京
|
| 504 |
|
|
|a Bibliography: p. [321]-333.
|
| 526 |
8 |
|
|a AAL
|
| 541 |
1 |
|
|a Donated by Embassy of Japan in Bangladesh, Read Japan Project 2025, The Tokyo Foundation, supported by The Nippon Foundation.
|
| 650 |
|
0 |
|a Neighborhoods
|z Japan
|z Tokyo.
|9 60530
|
| 651 |
|
0 |
|a Tokyo (Japan)
|x Social conditions.
|9 60531
|
| 651 |
|
0 |
|a Social science.
|
| 830 |
|
0 |
|a Studies of the East Asian Institute.
|9 60532
|
| 852 |
1 |
|
|a Ayesha Abed Library
|c General Stacks
|
| 880 |
3 |
1 |
|6 246-01
|a Tōkyō
|
| 942 |
|
|
|2 ddc
|c BK
|
| 999 |
|
|
|c 47897
|d 47897
|
| 952 |
|
|
|0 0
|1 0
|2 ddc
|4 0
|6 307_336295213500000_BES
|7 0
|9 79155
|a BRACUL
|b BRACUL
|d 2026-05-06
|e Donated by Embassy of Japan in Bangladesh, Read Japan Project 2025, The Tokyo Foundation, supported by The Nippon Foundation.
|l 0
|o 307.3362952135 BES
|p 3010045741
|r 2026-05-19
|t 1
|w 2026-05-06
|y BK
|x Donated copy received from Embassy of Japan in Bangladesh, Read Japan Project 2025, The Tokyo Foundation, supported by The Nippon Foundation on 08 April 2026 ; $28.49
|